000 00725nam a22002417a 4500
001 102979
003 UA-OsUOA
005 20210514091351.0
007 ta
008 20131007b un ||||| |||| 00| 0 ukr d
040 _aUA-OsUOA
_bukr
_cUA-OsUOA
_dUA-OsUOA
041 _aukr
080 _a82-97
090 _a82-97
_bМ34
100 _aМатула П.
245 _aІсторія пам'ятника митрополитові Василеві Липківському
260 _aВашингтон
_c2009
300 _a204 с.
650 7 _a82 Література. Літературознавство
_2UDC
942 _cBK
_2udc
955 _a2
999 _c389220
_d389220